00604nam a2200157 a 4500008004100000050001500041100002200056245001300078246005900091260003900150300002100189350000900210995009400219999001700313952011600330120416s1976 ||||||||||||||||| || u aQA 303 Bau aBaumslag, Gilbert10aCalculus awith numerous examples and solved illustrated problems aNew YorkbQuantum Publishersc1976 avi, 427p. : ill. a0.00 D0.00FCBU-MAIN LIBRARY (Kitwe)H1I0.00M1UAVAILABLEWDec 7, 2007ZShort Loan Collection c36586d36586 00102lcc4070a001b001cShort Loan Collectiond2022-11-30l0oQA 303 Baup51993r2022-11-30w2022-11-30y002